| 000 | 00673nam a22002177a 4500 | ||
|---|---|---|---|
| 003 | 0 | ||
| 005 | 20251020152453.0 | ||
| 008 | 251020b xxu||||| |||| 00| 0 eng d | ||
| 020 | _a979-8-88836-805-3 | ||
| 050 |
_aQA 303.2 _b.A85 2025 |
||
| 100 |
_aAtkins, Gerald, _eauthor. |
||
| 245 |
_aCalculus : _ba complete introduction / _cGerald Atkins. |
||
| 260 |
_aNew York, NY : _bLarsen and Keller Education, _c2025. |
||
| 300 |
_a268 pages : _billustrations ; _c27 cm. |
||
| 504 | _aIncludes bibliographical references and index. | ||
| 650 | _aCalculus. | ||
| 650 | _aMathematical analysis. | ||
| 650 | _aFunctions. | ||
| 650 | _aMathematical analysis. | ||
| 942 |
_2lcc _cBK |
||
| 999 |
_c368298 _d368298 |
||